| 000 | 00553nam a2200193Ia 4500 | ||
|---|---|---|---|
| 003 | OSt | ||
| 005 | 20241007095652.0 | ||
| 008 | 210210b1990 xxu||||| |||| 00| 0 eng d | ||
| 040 | _cAL | ||
| 041 | _aKannada | ||
| 082 | _aK894.3 SHIC | ||
| 100 |
_aSHIVASVAMI (S Hoskere). _939050 _dಶಿವಸ್ವಾಮಿ (ಎಸ್ ಹೊಸ್ಕೆರೆ) |
||
| 245 |
_aChitrakuntala _bಚಿತ್ರಕುಂತಲ |
||
| 260 |
_aBengaluru _bShri Prakashana _c1990 |
||
| 300 | _a94 | ||
| 690 |
_aKannada Fiction _939051 |
||
| 906 | _a044442 | ||
| 942 |
_2ddc _cBK |
||
| 999 |
_c93754 _d93754 |
||